La arquitectura en los Estados Unidos: su influencia social y cultural
Na minha lista:
| Principais autores: | , |
|---|---|
| Formato: | Livro |
| Idioma: | espanhol |
| Publicado em: |
Ciudad de México
Letras
1963
|
| Assuntos: | |
| Tags: |
Adicionar Tag
Sem tags, seja o primeiro a adicionar uma tag!
|
MARC
| LEADER | 00000nam a2200000 a 4500 | ||
|---|---|---|---|
| 001 | UCT1700 | ||
| 003 | CL-VaPUC | ||
| 008 | 961004e19630000MX |||||||||||||||||spa|d | ||
| 082 | 0 | 4 | |a 724 |b BUR |2 21 |
| 100 | 0 | |a Burchard, John |e author |9 370723 | |
| 700 | 0 | |a Brown, Albert Bush |e author |9 370724 | |
| 245 | 1 | 3 | |a La arquitectura en los Estados Unidos: su influencia social y cultural |
| 300 | |a 744 p | ||
| 942 | |c BK | ||
| 945 | |d 19961004 00:00:00 |a rleighto | ||
| 260 | |a Ciudad de México |b Letras |c 1963 | ||
| 650 | 0 | |a Arquitectura estadounidense |9 370610 | |
| 650 | 0 | |a Arquitectos |9 268647 | |
| 650 | 0 | |a Diseño arquitectónico |9 265271 | |
| 650 | 0 | |a Arquitectura urbana |9 331978 | |
| 651 | 0 | |a Estados Unidos |9 255178 | |
| 583 | |a last modification |c 19961004 00:00:00 |k Rodrigo Vera | ||
| 999 | |c 252160 |d 252158 | ||
| 952 | |0 0 |1 0 |4 0 |6 724_000000000000000_BUR_1963 |7 0 |8 A |9 271861 |a BIBARQ |b BIBARQ |d 2019-11-19 |i 3235912 |o 724 BUR 1963 |p 3235912 |r 2025-01-20 |w 2019-11-19 |y BK |k ARQ | ||